Sustainability Metrics and Management : The Path from Innovation to Routine.

Bibliographic Details
Main Author: Cohen, Steven
Corporate Author: ProQuest (Firm)
Other Authors: Eimicke, William B., Guo, Dong
Format: eBook
Language:English
Published: New York : Columbia University Press, 2026.
Subjects:
Online Access:Connect to the full text of this electronic book

MARC

Tag First Indicator Second Indicator Subfields
LEADER 00000nam a22000007i 4500
001 in00005778740
003 OCoLC
005 20260403143101.4
006 m o d
007 cr cnu---unuuu
008 260314s2026 nyu o ||| 0 eng d
024 8 |a 40033146411 
040 |a EBLCP  |b eng  |e rda  |c EBLCP  |d YDX  |d OCLCQ  |d YDX  |d JSTOR 
019 |a 1579116037  |a 1581593354 
020 |a 9780231563352  |q electronic book 
020 |a 0231563353  |q electronic book 
020 |a 9780231565967  |q electronic book 
020 |a 0231565968  |q electronic book 
020 |z 0231220677 
020 |z 9780231220675 
020 |z 0231220669 
020 |z 9780231220668 
035 |a (OCoLC)1579268053  |z (OCoLC)1579116037  |z (OCoLC)1581593354 
037 |a 22573/cats40103030  |b JSTOR 
050 4 |a HD60  |b .C64 2026 
072 7 |a BUS  |x 041000  |2 bisacsh 
072 7 |a BUS  |x 099000  |2 bisacsh 
082 0 4 |a 658.408  |2 23/eng/20260330 
100 1 |a Cohen, Steven. 
245 1 0 |a Sustainability Metrics and Management :  |b The Path from Innovation to Routine. 
264 1 |a New York :  |b Columbia University Press,  |c 2026. 
300 |a 1 online resource ( 193 p.) : 
336 |a text  |b txt  |2 rdacontent 
337 |a computer  |b c  |2 rdamedia 
338 |a online resource  |b cr  |2 rdacarrier 
532 1 |3 ProQuest  |a "ProQuest platforms aim to meet Level AA of the W3C Web Content Accessibility Guidelines (WCAG 2.1) and Section 508 of the US Rehabilitation Act for features and functions." Source: https://about.proquest.com/en/about/proquest-accessibility/. Last accessed April 22, 2025. 
650 0 |a Social responsibility of business  |x Statistical methods. 
650 7 |a BUSINESS & ECONOMICS / Management  |2 bisacsh 
655 7 |a Electronic books.  |2 local 
700 1 |a Eimicke, William B. 
700 1 |a Guo, Dong. 
710 2 |a ProQuest (Firm) 
776 1 8 |i Print version:  |a Cohen, Steven  |t Sustainability Metrics and Management  |d New York : Columbia University Press,c2026 
776 1 8 |i Print version:  |z 0231220677  |z 9780231220675  |z 0231220669  |z 9780231220668  |w (OCoLC)1552063622 
856 4 0 |u https://ebookcentral.proquest.com/lib/tamucs/detail.action?docID=32410251  |z Connect to the full text of this electronic book  |t 0 
945 |b 698642 
955 |a YBP purchased approval e-records 
980 |b ebook  |c 40033146411  |f NONFIC/B  |g 565751  |k USD  |m 220.00  |q 1  |s AcqMono Conventional  |t Approval plan  |u Vendor order reference number  |v ZYBP  |y E-approvals  |z Electronic resource 
999 f f |i 55ef069c-ff80-40e0-a49d-c9fb205c90df  |s 17ca74b9-bd26-4692-aacf-b74d6371302c  |t 0 
952 f f |a Texas A&M University  |b College Station  |c Electronic Resources  |s www_evans  |d Available Online  |t 0  |e HD60 .C64 2026  |h Library of Congress classification 
998 f f |a HD60 .C64 2026  |t 0  |l Available Online